1577 1517 1341 1933 1396 1282 1775 1398 1657 1227 1145 1700 1679 1606 1427 1590 1791 1743 1612 1496 1033 1248 1436 1112 1653 1737 1502 1469 1735 1337 1004 1166 1035 1926 1585 1656 1200 1427 1550 1729 1879 1000 1902 1562 1545 1799 1828 1344 1875 1510 1692 1078 1069 1528 1044 1822 1723 1304 1292 1259 1766 1386 1022 1456 1000 1357 1131 1584 1941 1820 1369 1908 1464 1715 1078 1593 1032 1437 1709 1953 1859 1401 1745 1189 1097 1669 1652 1557 1789 1872 1245 1711 1443 1333 1040 1861 1595 1889 1247 BCNSPRNW ULIB Ver.6.0+V

เปลี่ยนเป็นภาษาไทย

Change to English
 แสดงรายละเอียดบรรณานุกรม
  กลับหน้าหลัก

Brief Record : Get Marc (ISO 2709) : E-mail record : QR code < ปิดหน้าต่าง
LEADER : 00000nam 2200000uu 4500
001    13399127655
003     ULIB
008    210315s2563||||th 000 0 tha d
020    ^a9786168235089
060  0 ^aWC501^bพ653ค
100 0  ^aพิเชษฐ บัญญัติ
245 00 ^aคู่มือเอาตัวรอดจากไวรัส COVID-19/^cพิเชษฐ บัญญัติ
250    ^aพิมพ์ครั้งที่ 1
260    ^aกรุงเทพฯ:^bเซเว่นดี บุ๊ค,^c2563
650  0 ^aไวรัสโคโรนา
650  0 ^aไวรัสวิทยาทางการแพทย์
650  0 ^aCOVID-19
856    ^a^zสารบัญ^uhttps://drive.google.com/file/d/1-jXBRw53a4ZC8P3H-TjUxrXOgmVh8yAa/view?usp=sharing
945    ^p240^l0^i28706
945    ^p240^l0^i28707
945    ^p240^l0^i28708
945    ^p240^l0^i28709
945    ^p240^l0^i28710
999    ^aกัณชพร จุลอักษร
รายการนี้ยังไม่มีแท็ก
คุณยังไม่ได้ล็อกอิน คุณสามารถมีกิจกรรมร่วมกับเว็บไซต์ได้ แต่ต้องล็อกอินก่อน ::
  ล็อกอิน

รายการสื่อสารสนเทศ

ลำดับที่ ประเภท เลขเรียก/บาร์โค้ด สถานที่ สถานะ
1. หนังสือสำรอง
หนังสือสำรอง
WC501 พ653ค ฉ.1 
  Barcode: 28706
ห้องสมุดวิทยาเขตนครสวรรค์
►หนังสือทั่วไป:l:General Books
บนชั้น
2. วิทยาศาสตร์การแพทย์ และสุขภาพ
วิทยาศาสตร์การแพทย์ และสุขภาพ
WC501 พ653ค ฉ.2 
  Barcode: 28707
ห้องสมุดวิทยาเขตนครสวรรค์
►หนังสือทั่วไป:l:General Books
บนชั้น
3. วิทยาศาสตร์การแพทย์ และสุขภาพ
วิทยาศาสตร์การแพทย์ และสุขภาพ
WC501 พ653ค ฉ.3 
  Barcode: 28708
ห้องสมุดวิทยาเขตนครสวรรค์
►หนังสือทั่วไป:l:General Books
บนชั้น
4. วิทยาศาสตร์การแพทย์ และสุขภาพ
วิทยาศาสตร์การแพทย์ และสุขภาพ
WC501 พ653ค ฉ.4 
  Barcode: 28709
ห้องสมุดวิทยาเขตนครสวรรค์
►หนังสือทั่วไป:l:General Books
บนชั้น
5. วิทยาศาสตร์การแพทย์ และสุขภาพ
วิทยาศาสตร์การแพทย์ และสุขภาพ
WC501 พ653ค ฉ.5 
  Barcode: 28710
ห้องสมุดวิทยาเขตนครสวรรค์
►หนังสือทั่วไป:l:General Books
บนชั้น

รายการใกล้เคียง
    ผู้แต่ง [พิเชษฐ บัญญัติ]

    หัวเรื่อง [ไวรัสโคโรนา]
    หัวเรื่อง [ไวรัสวิทยาทางการแพทย์]
    หัวเรื่อง [COVID-19]

BibComment


ยังไม่เคยถูกคอมเมนท์

คอมเมนท์ทรัพยากรรายการนี้
  คอมเมนท์: คู่มือเอาตัวรอดจ..


 Copyright 2026. Bcnsprnw @Library